INTRODUCTION PRINCIPLES OF PLANT PATHOLOGY (Record no. 5178)

MARC details
000 -LEADER
fixed length control field 00378nam a22001577a 4500
005 - DATE AND TIME OF LATEST TRANSACTION
control field 20160903161529.0
008 - FIXED-LENGTH DATA ELEMENTS--GENERAL INFORMATION
fixed length control field 160903b xxu||||| |||| 00| 0 eng d
020 ## - INTERNATIONAL STANDARD BOOK NUMBER
ISBN 81-204-1551-5
041 ## - LANGUAGE CODE
Language code of text/sound track or separate title eng
100 ## - MAIN ENTRY--AUTHOR NAME
Personal name SINGH,R.S
245 ## - TITLE STATEMENT
Title INTRODUCTION PRINCIPLES OF PLANT PATHOLOGY
260 ## - PUBLICATION, DISTRIBUTION, ETC. (IMPRINT)
Name of publisher OXFORD
Year of publication 2016
300 ## - PHYSICAL DESCRIPTION
Number of Pages 385
650 ## - SUBJECT ADDED ENTRY--TOPICAL TERM
Topical Term AGRICULTURE
942 ## - ADDED ENTRY ELEMENTS (KOHA)
Koha item type Books
Holdings
Lost status Damaged status Collection code Home library Current library Shelving location Date acquired Source of acquisition Cost, normal purchase price Full call number Accession Number Copy number Koha item type
    Reference JRU Library JRU Library SHELF-2-E 03/09/2016 PURCHASE 460.00 632.3 20959 5 Books
    Reference JRU Library JRU Library SHELF-2-C 03/09/2016 PURCHASE 460.00 632.3 20960   Books
    AGRICULTURE JRU Library JRU Library SHELF-45-B 03/09/2016 PURCHASE 460.00 632.3 20961 5 Books
    AGRICULTURE JRU Library JRU Library SHELF-45-B 03/09/2016 PURCHASE 460.00 632.3 20962 5 Books
    AGRICULTURE JRU Library JRU Library SHELF-45-B 03/09/2016 PURCHASE 460.00 632.3 20963 5 Books